Statistics for Countries That Don't Recognize Palestine

Click here to take the quiz!

General Stats

  • This quiz has been taken 80 times
  • The average score is 24 of 47

Answer Stats

Answer% Correct
United States
97%
United Kingdom
89%
Canada
85%
France
84%
Spain
77%
Portugal
76%
Australia
74%
Norway
73%
Germany
71%
Mexico
71%
Finland
69%
Italy
69%
Japan
69%
Belgium
68%
Denmark
66%
Ireland
66%
Israel
66%
Netherlands
66%
South Korea
66%
Austria
65%
Luxembourg
61%
New Zealand
60%
Switzerland
58%
Estonia
56%
Greece
55%
Latvia
55%
Lithuania
55%
Andorra
53%
Liechtenstein
52%
Slovenia
45%
Armenia
35%
Micronesia
27%
Singapore
27%
North Macedonia
26%
Samoa
26%
Bahamas
24%
Fiji
24%
Nauru
24%
Panama
24%
Moldova
23%
Tonga
23%
Myanmar
21%
Jamaica
19%
Kiribati
19%
Cameroon
16%
Solomon Islands
16%
Eritrea
13%

Score Distribution

Percentile by Number Answered

Percent of People with Each Score

Your Score History

You have not taken this quiz